[Event "KEN-ch"]
[Site "Nairobi"]
[Date "2022.12.26"]
[Round "1"]
[White "Kigen, Kennedy"]
[Black "Muuo, Isaac"]
[Result "0-1"]
[WhiteElo "1741"]
[BlackElo "1197"]
[PlyCount "85"]
[EventDate "2022.12.26"]
[EventType "swiss"]
[EventRounds "9"]
[EventCountry "KEN"]
[SourceTitle "EXT 2024"]
[Source "ChessBase"]
[SourceDate "2023.10.10"]
[SourceVersion "1"]
[SourceVersionDate "2023.10.10"]
[SourceQuality "1"]

1. e4 e5 2. Nf3 Nc6 3. d4 exd4 4. Bc4 Bb4+ 5. c3 d5 6. Bxd5 dxc3 7. bxc3 Be7 8. Qb3 Be6 9. Bxe6 fxe6 10. Qxe6 Qd3 11. Qd5 Qa6 12. Nbd2 Nf6 13. Qb3 0-0-0 14. c4 Nd4 15. Nxd4 Rxd4 16. Bb2 Rxd2 17. Kxd2 Nxe4+ 18. Ke2 Bc5 19. Qh3+ Kb8 20. Qd3 Nxf2 21. Qd5 Re8+ 22. Be5 Qf6 23. Qxc5 Nxh1 24. Qxc7+ Ka8 25. Rb1 Rxe5+ 26. Kd3 Nf2+ 27. Kc2 Re2+ 28. Kb3 Qb6+ 29. Qxb6 axb6 30. Rf1 g5 31. a4 h5 32. Kb4 g4 33. a5 bxa5+ 34. Kxa5 Rb2 35. Re1 Ka7 36. Re5 h4 37. Rf5 h3 38. gxh3 Nxh3 39. Rh5 Rxh2 40. Kb4 g3 41. Ra5+ Kb8 42. Kb5 g2 43. Ra2 0-1

[Event "KEN-ch"]
[Site "Nairobi"]
[Date "2022.12.26"]
[Round "2"]
[White "Muuo, Isaac"]
[Black "Thuku, Nephat Muchiri"]
[Result "0-1"]
[WhiteElo "1197"]
[BlackElo "1681"]
[PlyCount "53"]
[EventDate "2022.12.26"]
[EventType "swiss"]
[EventRounds "9"]
[EventCountry "KEN"]
[SourceTitle "EXT 2024"]
[Source "ChessBase"]
[SourceDate "2023.10.10"]
[SourceVersion "1"]
[SourceVersionDate "2023.10.10"]
[SourceQuality "1"]

1. d4 Nf6 2. Nf3 d5 3. e3 Bf5 4. Bd3 Bxd3 5. Qxd3 c6 6. Nbd2 e6 7. b3 Bd6 8. Bb2 Nbd7 9. c4 Qe7 10. 0-0 0-0 11. Rfe1 c5 12. e4 dxe4 13. Nxe4 cxd4 14. Bxd4 Bb4 15. Re2 Rfd8 16. Qe3 Nxe4 17. Qxe4 Nf6 18. Qh4 Bc5 19. Bb2 Ne8 20. Qg4 f5 21. Qh3 Rd3 22. Rae1 Nc7 23. Qh5 Rad8 24. Ng5 h6 25. Nxe6 Nxe6 26. Rxe6 Qxe6 27. Rf1 0-1